Lieux en 1 lettre sur une carte du monde de A à Z - Statistiques

Statistiques générales
  • Ce quiz a été pris 798 fois
  • Le résultat moyen est 11 sur 11
Réponses sur la Carte
Les réponses sont colorées sur une échelle allant du rouge au vert en fonction du pourcentage des utilisateurs qui les ont devinées à leur premier essai. Vous pouvez retrouver ces pourcentages ci-dessous.
 
Statistiques - réponses
Lettre Indice Réponse % Correct
A Village norvégien dans l'archipel des Lofoten. Il partage son nom avec d'autres villages de Scandinavie Å
98%
Y Village français dans la Somme, en partie détruit au cours de la Première Guerre mondiale Y
98%
D Fleuve dans l'Oregon (Etats-Unis) anciennement considéré comme le plus petit fleuve au monde D
97%
E Montagne au sud de l'île d'Hokkaidō, à quelques 30 kilomètres de l'île Honshū E
97%
H Cette île se trouve à moins de 2 kilomètres au sud de Washington D.C. H
97%
L Deux lacs du Nebraska (Etats-Unis) portent ce nom, et ont la même forme que cette lettre L
97%
O Ruisseau du sud de l'Angleterre, entre Plymouth et Exeter O
97%
W Parc national se trouvant à la frontière du Niger et du Bénin W
97%
G Ancien nom du village de Tara, au Burundi G
96%
I Le nom de l'île d'Iona (Hébrides) en gaélique écossais, la langue locale Ì
96%
U Région historique du Tibet où est notamment située la ville de Lhassa U
96%
Aucun quiz correspondant
Distribution des résultats
% des personnes avec chaque résultat
Percentile par nombre de réponses
Votre historique - résultats
Vous n’avez pas pris ce quiz